Macroeconomics /

Bibliografske podrobnosti
Glavni avtor: Blanchard, Olivier (Olivier J.)
Format: Knjiga
Jezik:English
Izdano: Upper Saddle River, N.J. : Pearson Prentice Hall, 2011.
Izdaja:Fifth edition update. [International edition]
Teme:
Classic Catalogue: View this record in Classic Catalogue
LEADER 02257nam a2200325 a 4500
001 0021053
003 BD-DhAAL
008 100926s2011 njua b 001 0 eng d
010 |a  2010006840 
020 |a 9780130387714 
020 |a 0130387711 
020 |a 9780132159869 
020 |a 0132159864 
040 |a DLC  |c DLC  |d BTCTA  |d YDXCP  |d MYG  |d DLC  |d BD-DhAAL 
082 0 0 |a 339  |2 22 
100 1 |a Blanchard, Olivier  |q (Olivier J.) 
245 1 0 |a Macroeconomics /  |c Olivier Blanchard. 
250 |a Fifth edition update. [International edition] 
260 |a Upper Saddle River, N.J. :  |b Pearson Prentice Hall,  |c 2011. 
300 |a xxii, 614, A-16, G-10, I-9, PC-1 p. :  |b ill. ;  |c 26 cm 
504 |a Includes bibliographical references and index. 
526 |a ESS  |x A K Iftekharul Haque Lecturer Department of Economics and Social Sciences (ESS) BRAC University Course Name and No. : Introduction to Macroeconomics (ECO 102) 
541 1 |a Trim Education  |e 0021053, 0021054, 0021055 
650 0 |a Macroeconomics. 
852 4 |a Ayesha Abed Library   |c General Stacks 
942 0 0 |0 2  |2 ddc  |c BK 
999 |c 9554  |d 9554 
952 |0 0  |1 0  |2 ddc  |4 0  |6 339_BLA_201100000000000  |7 0  |9 12098  |a BRACUL  |b BRACUL  |c GEN  |d 2010-09-26  |e Trim Education  |g 4500.00  |l 22  |m 214  |o 339 BLA  |p 3010021053  |r 2025-11-16  |s 2025-11-09  |t 1  |v 9000.00  |w 2010-09-26  |y BK  |x Requisitioned by A K Iftekharul Haque (Lecturer, Department of Economics and Social Sciences (ESS), BRAC University) for the course named- "Introduction to Macroeconomics (ECO 102)". 
952 |0 0  |1 0  |2 ddc  |4 0  |6 339_BLA_201100000000000  |7 0  |9 12099  |a BRACUL  |b BRACUL  |c GEN  |d 2010-09-26  |e Trim Education  |g 4500.00  |l 24  |m 187  |o 339 BLA  |p 3010021054  |r 2025-08-10  |s 2025-07-21  |t 2  |v 9000.00  |w 2010-09-26  |y BK  |x Requisitioned by A K Iftekharul Haque (Lecturer, Department of Economics and Social Sciences (ESS), BRAC University) for the course named- "Introduction to Macroeconomics (ECO 102)". 
952 |0 0  |1 4  |2 ddc  |4 0  |6 339_000000000000000_BLA  |7 0  |9 12100  |a BRACUL  |b BRACUL  |d 2010-09-26  |e Trim Education  |g 4500.00  |l 0  |o 339 BLA  |p 3010021055  |r 2010-09-26  |t 3  |v 9000.00  |w 2010-09-26  |y BK  |x Koha Inventory 2020 ; Requisitioned by A K Iftekharul Haque (Lecturer, Department of Economics and Social Sciences (ESS), BRAC University) for the course named- "Introduction to Macroeconomics (ECO 102)".